頭文字別 日本一多い名字 - Statistics

General Stats
  • This quiz has been taken 58 times
  • The average score is 21 of 39
Answer Stats
% Correct
佐藤
100%
伊藤
98%
鈴木
89%
山本
83%
高橋
81%
81%
渡辺
81%
加藤
79%
吉田
79%
遠藤
72%
中村
72%
上田
68%
松本
64%
小林
62%
藤田
62%
阿部
57%
木村
55%
本田
53%
清水
51%
沼田
51%
野口
51%
51%
村上
49%
工藤
47%
目黒
47%
小川
43%
西村
43%
千葉
40%
根本
40%
園田
34%
平野
32%
三浦
30%
湯浅
26%
富田
23%
21%
寺田
15%
逸見
13%
剣持
9%
土屋
9%
No matching quizzes found
Score Distribution
Percent of People with Each Score
Percentile by Number Answered
Your Score History
You have not taken this quiz